| 000 | 00938nas a2200301 4500 | ||
|---|---|---|---|
| 001 | BR2011003405 | ||
| 003 | BR-BrBNA | ||
| 005 | 20231205115021.0 | ||
| 007 | ta | ||
| 008 | 230509b bl.|||p| |||| 00| 00por d | ||
| 040 |
_aBR-BrBNA _bpor _cBiblioteca Nacional de Agricultura |
||
| 041 | _a(Pt) | ||
| 072 | _aF61 | ||
| 100 | 1 | _aAlves, A.U. | |
| 100 | 1 | _aPrado, R. de M. | |
| 100 | 1 | _aCorreia, M.A.R. | |
| 100 | 1 | _aGondim, A.R. de O. | |
| 100 | 1 | _aCecílio Filho, A.B. | |
| 100 | 1 | _aPoliti, L.S. | |
| 245 | 1 | _aCouve-flor cultivada em substrato: marcha de absorção de macronutrientes e micronutrientes | |
| 650 | _aCOUVE-FLOR | ||
| 650 | _aNUTRIÇÃO MINERAL | ||
| 650 | _aABSORÇÃO DE NUTRIENTES | ||
| 650 | _aSUBSTRATO DE CULTURA | ||
| 773 | 0 |
_tCiência e Agrotecnologia (Brazil) _xISSN 1413-7054 _g(Jan-Feb 2011), v. 35(1) p. 45-55 _wBR2011003405 |
|
| 909 |
_a202311 _bLúcia _c55 _dLúcia Elande |
||
| 942 |
_2AGRIS _n0 _cANA |
||
| 999 |
_c211680 _d211680 |
||